• 首页
  • 本馆介绍
  • 公告通知
  • 最新文献
  • 馆藏检索
  • 电子资源
  • 读者导购
  • 参考咨询
  • 我的图书馆
  • 登录
  • 详细信息显示
  • 放入我的书架
  • 预约/预借图书
  • 作者相关作品
  • 分类相关作品
  • 丛书相关作品
  • 出版社相关作品

书目信息

  • 表格格式
  • 工作单格式
  • 卡片格式
题名:
法律解释学
    
 
作者: 王利明 著
分册:  
出版信息: 北京   中国人民大学出版社  2016
页数: 467页
开本: 24cm
丛书名:
单 册:
中图分类: D910.5
科图分类:
主题词: 法律解释--fa lv jie shi--教材
电子资源:
ISBN: 978-7-300-22883-9
000 00834nam0 22002531 450
001 1761092885
005 20170621092406.14
010    @a978-7-300-22883-9@dCNY48.00
100    @a20160701d2016 em y0chiy50 ea
101 0  @achi
102    @aCN@b110000
105    @ay z 000yy
106    @ar
200 1  @a法律解释学@9fa lv jie shi xue@f王利明著
205    @a2版
210    @a北京@c中国人民大学出版社@d2016
215    @a467页@d24cm
300    @a王利明法学教科书
330    @a本书共四编二十二章。内容包括:法律解释概述、法律解释理论的历史发展、狭义法律解释概述、当然解释、反面解释、历史解释、不确定概念和一般条款的具体化、类推适用等。
606 0  @a法律解释@9fa lv jie shi@j教材
690    @aD910.5@v5
701  0 @a王利明@9wang li ming@f(1960~)@4著
801  0 @aCN@b百万庄@c20170619
905    @b1014483-8@dD910.5@e728=2@f6
    
    法律解释学/王利明著 .-2版.-北京:中国人民大学出版社,2016
    467页;24cm
    王利明法学教科书
    
    ISBN 978-7-300-22883-9:CNY48.00
    本书共四编二十二章。内容包括:法律解释概述、法律解释理论的历史发展、狭义法律解释概述、当然解释、反面解释、历史解释、不确定概念和一般条款的具体化、类推适用等。
●
相关链接 在E读中查询图书 在五车中查询图书 在当当中查询图书 在豆瓣中查询图书


正题名:法律解释学     索取号:D910.5/728=2         预约/预借

序号 登录号 条形码 馆藏地/架位号 状态 备注
1 1014483   210144832   第一样本阅览室/ [索取号:D910.5/728=2] 在馆    
2 1014484   210144841   教育系资料室/ [索取号:D910.5/728=2] 在馆    
3 1014485   210144850   教育系资料室/ [索取号:D910.5/728=2] 在馆    
4 1014486   210144869   教育系资料室/ [索取号:D910.5/728=2] 在馆    
5 1014487   210144878   第一借阅区/ [索取号:D910.5/728=2] 在馆    
6 1014488   210144887   第一借阅区/ [索取号:D910.5/728=2] 在馆    
唐山师范学院图书馆 欢迎您!
大连网信软件有限公司© 版权所有